Autour du tennis aux JO - Statistiques

Statistiques générales
  • Ce quiz a été pris 36 fois
    14 depuis la dernière actualisation
  • Le résultat moyen est 13 sur 39
Statistiques - réponses
Hint Réponse % Correct
Généralités Toutes les surfaces sont possibles, vrai ou faux ? Vrai
85%
Généralités De nos jours, il y a (...) épreuves dans cette discipline 5
77%
Citez un pays ayant remporté au moins (toutes éditions hors années de démonstration) 5 médailles d'argent Etats-Unis | France | Allemagne | Espagne
77%
Citez un pays ayant remporté au moins (toutes éditions hors années de démonstration) 10 médailles d'or Etats-Unis | Royaume-Uni
77%
Citez un pays ayant remporté au moins (toutes éditions hors années de démonstration) 10 médailles de bronze Etats-Unis | Royaume-Uni
77%
Citez un pays ayant remporté au moins (toutes éditions hors années de démonstration) 5 médailles de bronze France | Suède | Espagne
77%
Généralités Les femmes sont présentes à partir de 1900
54%
Les médaillés français Double messieurs 2012 Jo-Wilfried {Tsonga}
54%
Les médaillés français Double messieurs 1924 René {Lacoste}
54%
Les médaillées françaises Simple dames 1920 Suzanne {Lenglen}
54%
Les médaillées françaises Double dames 1920 Suzanne {Lenglen}
54%
Les médaillées françaises Double mixte 1920 Suzanne {Lenglen}
54%
Généralités Le tennis fait son apparition aux JO en 1896
46%
Généralités Il a été sport de démonstration à deux reprises, citez une des années 1968 | 1984
46%
Généralités Il a disparu des disciplines olympiques de 1928 à 1988
46%
Les médaillées françaises Simple dames 2004 Amélie {Mauresmo}
46%
Citez un pays ayant remporté au moins (toutes éditions hors années de démonstration) 5 médailles d'or France
46%
Les médaillés français Double messieurs 2012 Richard {Gasquet}
46%
Citez un pays ayant remporté au moins (toutes éditions hors années de démonstration) 10 médailles d'argent Royaume-Uni
46%
Les médaillés français Double messieurs 2012 Julien {Benneteau}
38%
Les médaillés français Simple messieurs 1924 Henri {Cochet}
31%
Les médaillés français Double messieurs 1924 Henri {Cochet}
31%
Les médaillés français Double messieurs 2012 Michaël {Llodra}
31%
Les médaillés français Double messieurs 1924 Jean {Borotra}
23%
Les médaillés français Double messieurs 1924 Jacques {Brugnon}
15%
Les médaillés français Simple messieurs 1912 André {Gobert}
8%
Les médaillés français Double messieurs 1912 André {Gobert}
8%
Les médaillés français Simple messieurs 2000 Arnaud {Di Pasquale}
8%
Les médaillées françaises Simple dames 1912 Marguerite {Broquedis}
8%
Les médaillés français Double messieurs 1920 Max {Decugis}
8%
Les médaillés français Double mixte 1920 Max {Decugis}
8%
Les médaillés français Double messieurs 1912 Albert {Canet}
0%
Les médaillés français Double messieurs 1900 André {Prévost}
0%
Les médaillés français Double messieurs 1912 Edouard de {Marangue}
0%
Les médaillées françaises Double dames 1920 Elisabeth d'{Ayen}
0%
Les médaillés français Double messieurs 1900 Georges de la {Chapelle}
0%
Les médaillés français Double messieurs 1912 Maurice {Germot}
0%
Les médaillés français Double messieurs 1920 Pierre {Albarran}
0%
Les médaillées françaises Simple dames 1900 Yvonne {Prévost}
0%
Aucun quiz correspondant
Distribution des résultats
% des personnes avec chaque résultat
Percentile par nombre de réponses
Votre historique - résultats
Vous n’avez pas pris ce quiz depuis la dernière actualisation